00862 2200241 4500001002100000005001700021008004100038035002400079082001000103090002100113100003000134245021500164260002900379300003700408500005200445500003500497650002300532850002100555980001400576985000600590986000900596999001500605YOGYA-0209000004304620090227025927.0 ind  0010-020900000043046 a338.1 a338.1bIra ElSK aIRAWATI, Yudanindra Ratna aEvaluasi proyek pembinaan peningkatan pendapatan petani kecil ditinjau dari macam usaha dan penerimaan petani di kecamatan Cangkringan, kabupaten Sleman daerah Istimewa Yogyakartacoleh Yudanindra Ratna Irawati aYogyakartab[s.n.]c1993 axx, 122 [34] lembarbilusc28 cm aSkripsi Fak. Pertanian UPN "veteran" Yogyakarta aBibliografi : lembar [123-124] aPenghasilan petani aYOPDYOG [TRM 29] a27-8-2007 a1 aRuni a07A0026004